00801 a2200169 45000010006000000050017000060080041000230030015000640400040000790800056001192450035001752500011002102640032002213000019002535050341002721000018006132501620260407155533.0260407a1961 arg spa dAR-UNSa-BCEJYS aAR-UNSa-BCEJYSbspacAR-UNSa-BCEJYS a519.2xProbabilidades y estadística matemática 10aEstadística para economistas a2a. ed 1aBarcelona :bJuventudc1961 a200 p.c22 cm. a1. La materia prima de la estadística - 2. Los datos estadísticos conocidos como fuentes infromativas - 3. Gráficos y diagramas - 4. Estadística derivada - 5. Distribuaciones de frecuencias - 6. Números indice - 7. Correlación - 8. Series cronológicas - 9. La adecuada elección de los grupos representativos - Apéndice1 aAllen, R.G.D.